| 000 | 00821nam a2200277Ia 4500 | ||
|---|---|---|---|
| 003 | OSt | ||
| 005 | 20221005051756.0 | ||
| 006 | a|||||r|||| 00| 0 | ||
| 007 | ta | ||
| 008 | 221004b |||||||| |||| 00| 0 eng d | ||
| 020 | _a0714542121 | ||
| 024 | _a42669 | ||
| 037 | _cTextual | ||
| 040 |
_aCRL _cCRL _beng |
||
| 041 |
_2eng _aeng |
||
| 082 | _aO111,3N06,DF, N3 | ||
| 100 | _aBeckett Samuel | ||
| 110 | _aGift from Prof Amitava Banerjee, London | ||
| 245 | 0 | _aDream of the fair to middling women Ed. by O'Brien and Edith Fournier | |
| 260 |
_aLondon _bCalder Publications UK _c1993 |
||
| 300 |
_a241p. _ccm. |
||
| 650 | _aENGLISH LITERATURE | ||
| 700 | _aGift from Prof Amitava Banerjee, London | ||
| 942 |
_hO111,3N06,DF, N3 _cTEXL _2cc |
||
| 999 |
_c959327 _d959327 |
||